<The> Level of Student's Creativity and Their Attitude to the Project-based Learning

Výsledky štúdie, zameranej na overenie vzťahu úrovne tvorivosti študentov a ich prístupu k projektovému vzdelávaniu. Výskumnú vzorku tvorilo 109 študentov Ekonomickej univerzity.

Saved in:
Bibliographic Details
Main Author: Chmelárová, Zuzana, 1967-
Other Authors: Pasiar, Ladislav, 1984-, Vargová, Dominika, 1987-
Format: Book Chapter
Language:English
Subjects:
Tags: Add Tag
No Tags, Be the first to tag this record!

MARC

LEADER 00000naa a2200000 4500
001 0264181
005 20240502083759.0
041 0 |a eng 
044 |a RO 
245 1 0 |a <The> Level of Student's Creativity and Their Attitude to the Project-based Learning  |c Zuzana Chmelárová 
520 |a Výsledky štúdie, zameranej na overenie vzťahu úrovne tvorivosti študentov a ich prístupu k projektovému vzdelávaniu. Výskumnú vzorku tvorilo 109 študentov Ekonomickej univerzity. 
610 2 0 |a vzdelávanie 
610 2 0 |a kreativita 
610 2 0 |a študenti 
610 2 0 |a dotazníky 
100 1 |a Chmelárová, Zuzana, 1967- 
700 1 |a Pasiar, Ladislav, 1984- 
700 1 |a Vargová, Dominika, 1987-